LEADER 01255nam 2200349Ia 450 001 996395775803316 005 20200824125145.0 035 $a(CKB)4330000000327328 035 $a(EEBO)2240914959 035 $a(OCoLC)ocm17949194e 035 $a(OCoLC)17949194 035 $a(EXLCZ)994330000000327328 100 $a19880513d1675 uy | 101 0 $aeng 135 $aurbn||||a|bb| 200 12$aA discourse of the necessity of church-guides, for directing Christians in necessary faith$b[electronic resource] $ewith some annotations on Dr Stillingfleet's answer to N.O. /$fby R.H 210 $a[London] printed $c[s.n.]$dMDCLXXV [1675] 215 $a[30], 246 p 300 $a"R.H." was a pseudonym for Abraham Woodhead. 300 $aPlace of publication suggested by Wing. 300 $aErrata: p. [30]. 300 $aReproduction of original in the Huntington Library. 320 $aIncludes bibliographical references and index. 330 $aeebo-0113 700 $aR. H$f1609-1678.$01001862 801 0$bEAH 801 1$bEAH 801 2$bWaOLN 906 $aBOOK 912 $a996395775803316 996 $aA discourse of the necessity of church-guides, for directing Christians in necessary faith$92411239 997 $aUNISA